000 00431nam a2200181Ia 4500
005 20240823042345.0
008 240823s9999||||xx |||||||||||||| ||und||
041 _aENGLISH
082 _A519 P2
100 _aGanesan L [et al]
245 0 _aInformation theory and Coding
250 _a1st
260 _c2002
_b"Anuradha,Kumbakonam"
500 _aTRANSFERED
650 _aMATHS
_bMathematics
942 _cBK
999 _c207679
_d207679